UBT Library

Computer architecture / (Record no. 33)

000 -LEADER
fixed length control field 00680cam a2200229 a 4500
005 - DATE AND TIME OF LATEST TRANSACTION
control field 20140211111928.0
008 - FIXED-LENGTH DATA ELEMENTS--GENERAL INFORMATION
fixed length control field 850702s1985 nyua b 001 0 eng
041 0# - LANGUAGE CODE
Language code of text/sound track or separate title eng
080 ## - UNIVERSAL DECIMAL CLASSIFICATION NUMBER
Universal Decimal Classification number 004.2
100 1# - Rafti
Rafti Foster, Caxton C.,
100 1# - Rafti
-- 1929-
245 10 - TITLE STATEMENT
Title Computer architecture /
Statement of responsibility, etc Caxton C. Foster ; Thea Iberall.
250 ## -
-- 3rd ed.
260 ## -
-- New York :
-- Van Nostrand Reinhold Co.,
-- c1985.
300 ## -
-- xx, 386 f. :
-- me il ;
-- 24 cm.
500 ## -
-- Parathenie IX-XIV
504 ## - BIBLIOGRAPHY, ETC. NOTE
Bibliography, etc Includes bibliographies and index.
650 #0 -
-- Computer architecture.
650 #0 -
-- Softuer kompjuteri
650 #0 -
-- Arkitektura e kompjuterëve
700 1# -
-- Iberall, Thea.
942 ## - ADDED ENTRY ELEMENTS (KOHA)
Source of classification or shelving scheme
Item type Books
Holdings
Withdrawn status Lost status Source of classification or shelving scheme Damaged status Not for loan Collection code Permanent location Current location Shelving location Date acquired Total Checkouts Full call number Barcode Date last seen Koha item type
          Koleksioni i përgjithshem UBT - Prishtine UBT - Prishtine Koleksioni i përgjithshem 10/04/2013   004.2 FOS 001-000018 10/04/2013 Books
UBT Library © 2015-2024. All rights reserved University Education for Business and Technology